Loss Prevention in the Process Industries : Hazard Identification, Assessment and Control. Volume 3 /

Enregistré dans:
Détails bibliographiques
Auteur principal: Lees, Frank P (Auteur)
Format: Livre
Langue:anglais
Publié: Oxford : Reed Educational and Professional Publ. Ltd, 1996
Édition:2nd Edition
Tags: Ajouter un tag
Pas de tags, Soyez le premier à ajouter un tag!

MARC

LEADER 00000nam a22000003a 4500
001 stu24168
005 20150617225742.5
008 961107s1996----uk------------------eng-d
020 |a 0-7506-1547-8 
040 |a STU  |b slo 
041 0 |a eng 
044 |a uk 
080 |a 66.012+614.84  |7 A000002101 
100 1 |a Lees, Frank P  |4 aut 
245 1 |a Loss Prevention in the Process Industries :  |b Hazard Identification, Assessment and Control. Volume 3 /  |c [aut.]Lees,Frank P 
250 |a 2nd Edition 
260 |a Oxford :  |b Reed Educational and Professional Publ. Ltd,  |c 1996 
300 |a Nepr.str 
996 |b C94563  |c C*94563  |l CCXVIII  |s P  |a 0  |w stu24168_0001